[Event "GER-chT U12"]
[Site "Schney"]
[Date "2013.12.28"]
[Round "4.3"]
[White "Oelmaier, Manuel"]
[Black "Roehr, Tobias"]
[Result "0-1"]
[WhiteElo "1114"]
[BlackElo "1552"]
[PlyCount "70"]
[EventDate "2013.12.27"]
[EventType "team-swiss"]
[EventRounds "7"]
[EventCountry "GER"]
[SourceTitle "EXT 2015"]
[Source "ChessBase"]
[SourceDate "2014.11.20"]
[SourceVersion "1"]
[SourceVersionDate "2014.11.20"]
[SourceQuality "1"]
[WhiteTeam "Freising"]
[BlackTeam "Potsdam"]
[WhiteTeamCountry "GER"]
[BlackTeamCountry "GER"]

1. e4 e5 2. Nf3 Nc6 3. Bc4 Bc5 4. Nc3 d6 5. d3 h6 6. h3 Nf6 7. Qe2 0-0 8. 0-0 Be6 9. Bxe6 fxe6 10. Be3 Bb6 11. Bxb6 axb6 12. Qe3 Re8 13. d4 exd4 14. Nxd4 Nxd4 15. Qxd4 e5 16. Qc4+ Kh8 17. Rad1 Qe7 18. a3 c6 19. Qb4 Rad8 20. Qxb6 Nh5 21. Rfe1 Nf4 22. Ne2 Rf8 23. Nxf4 Rxf4 24. b3 Rdf8 25. Re2 R8f7 26. a4 Qf6 27. Rf1 Qg5 28. g3 Rh4 29. Kh2 Rxh3+ 30. Kxh3 Qh5+ 31. Kg2 Qxe2 32. Rh1 Qxe4+ 33. Kh2 Qxc2 34. Qd8+ Kh7 35. Qe8 Rxf2+ 0-1